Whom Did Keira Knightley Play? Quiz Stats

Quiz not verified by Sporcle

Challenge
Share
Tweet
Embed
Score 0/16 Timer 06:00
0 Plays Today
Question Answer Wrong Answers
Who did Keira Knightley play in...
Pirates of the Caribbean: The Curse of the Black Pearl?
Elizabeth Swann
92.1%
Anamaria
0.8%
Angelica
1.2%
Carina Barbossa
0.8%
Who did Keira Knightley play in...
Anna Karenina?
Anna Karenina
90.9%
Princess Darla 'Dolly' Oblonskaya
2.4%
Princess Ekaterina 'Kitty' Shcherbatskaya
2%
Countess Vronskaya
0.8%
Who did Keira Knightley play in...
King Arthur?
Guinevere
85.8%
Fulcinia
5.5%
Merlin's Lieutenant
2.8%
Cynric
0.8%
Who did Keira Knightley play in...
Pride & Prejudice (2005)?
Elizabeth Bennet
84.3%
Mrs Bennet
0.8%
Lady Catherine de Bourgh
3.9%
Georgiana Darcy
5.1%
Who did Keira Knightley play in...
Domino?
Domino Harvey
78.3%
Lateesha Rodriguez
3.1%
Taryn Mills
3.1%
Sophie Wynn
9.4%
Who did Keira Knightley play in...
Bend It Like Beckham?
Juliette 'Jules' Paxton
73.6%
Jesminder 'Jess' Bhamra
9.4%
Marlena 'Mel' Goines
7.5%
Paula Paxton
3.5%
Who did Keira Knightley play in...
Star Wars: Episode I - The Phantom Menace?
Sabé (The Decoy Queen)
71.3%
Queen Padmé Amidala
16.5%
Shmi Skywalker
3.9%
Watto
2.4%
Who did Keira Knightley play in...
The Duchess?
Georgiana Cavendish, Duchess of Devonshire
68.5%
Lady Elizabeth 'Bess' Foster
8.3%
Georgiana Spencer, Countess Spencer
11.4%
Lady Charlotte
6.7%
Who did Keira Knightley play in...
Jack Ryan: Shadow Recruit?
Cathy Muller
64.2%
Katya
12.6%
Embee Deng
8.3%
Amy Chang
8.7%
Who did Keira Knightley play in...
Seeking a Friend for the End of the World?
Penelope 'Penny' Lockhart
63%
Karen Amalfi
9.4%
Elsa
12.2%
Diane
9.4%
Who did Keira Knightley play in...
Love Actually?
Juliet
59.1%
Karen
7.9%
Natalie
18.5%
Jamie's Girlfriend
9.8%
Who did Keira Knightley play in...
Atonement?
Cecilia Tallis
54.3%
Briony Tallis
10.2%
Grace Turner
19.3%
Lola Quincey
10.2%
Who did Keira Knightley play in...
Collateral Beauty?
Amy (Love)
45.3%
Madeleine
16.1%
Claire Wilson
18.9%
Brigitte (Death)
13.8%
Who did Keira Knightley play in...
The Imitation Game?
Joan Clarke
42.9%
Helen Stewart
22%
Dorothy Clarke
24%
Margaret
5.5%
Who did Keira Knightley play in...
A Dangerous Method?
Sabina Spielrein
42.9%
Emma Jung
35.4%
Jung's Secretary
9.1%
The Orchard Nurse
8.3%
Who did Keira Knightley play in...
Never Let Me Go?
Ruth C
33.9%
Kathy H
19.7%
Miss Lucy
18.9%
Miss Emily
22%

You're not logged in!

Compare scores with friends on all Sporcle quizzes.
Join for Free
OR
Log In

You Might Also Like...

Show Comments

Extras

Top Quizzes Today


Score Distribution

Your Account Isn't Verified!

In order to create a playlist on Sporcle, you need to verify the email address you used during registration. Go to your Sporcle Settings to finish the process.

Report this User

Report this user for behavior that violates our Community Guidelines.

Details: